<?xml version="1.0" encoding="UTF-8"?>
<record
    xmlns:xsi="http://www.w3.org/2001/XMLSchema-instance"
    xsi:schemaLocation="http://www.loc.gov/MARC21/slim http://www.loc.gov/standards/marcxml/schema/MARC21slim.xsd"
    xmlns="http://www.loc.gov/MARC21/slim">

  <leader>00397nam a2200133Ia 4500</leader>
  <controlfield tag="008">151001s9999||||xx |||||||||||||| ||und||</controlfield>
  <datafield tag="100" ind1=" " ind2=" ">
    <subfield code="a">&#x927;&#x93E;&#x930;&#x92A;  &#x928;&#x93E;&#x930;&#x93E;&#x92F;&#x923;</subfield>
  </datafield>
  <datafield tag="245" ind1=" " ind2=" ">
    <subfield code="a">&#x92E;&#x93E;&#x923;&#x915;&#x93E;&#x91A;&#x947; &#x921;&#x94B;&#x933;&#x947; </subfield>
  </datafield>
  <datafield tag="250" ind1=" " ind2=" ">
    <subfield code="a">2</subfield>
  </datafield>
  <datafield tag="260" ind1=" " ind2=" ">
    <subfield code="b">&#x938;&#x93E;&#x915;&#x947;&#x924; &#x92A;&#x94D;&#x930;&#x915;&#x93E;&#x936;&#x928; &#x92A;&#x94D;&#x930;&#x93E; &#x932;&#x93F; &#x914;&#x930;&#x902;&#x917;&#x93E;&#x92C;&#x93E;&#x926;</subfield>
  </datafield>
  <datafield tag="260" ind1=" " ind2=" ">
    <subfield code="c">&#x968;&#x966;&#x967;&#x969;</subfield>
  </datafield>
  <datafield tag="300" ind1=" " ind2=" ">
    <subfield code="a">85</subfield>
  </datafield>
  <datafield tag="365" ind1=" " ind2=" ">
    <subfield code="b">21</subfield>
  </datafield>
  <datafield tag="999" ind1=" " ind2=" ">
    <subfield code="c">1002083</subfield>
    <subfield code="d">1002080</subfield>
  </datafield>
</record>
